Konflikte, Konfliktlösung und Friedenssicherung in Südosteuropa (Record no. 5544)

MARC details
000 -LEADER
fixed length control field 00559nam a22002177i 4500
001 - CONTROL NUMBER
control field 5810
003 - CONTROL NUMBER IDENTIFIER
control field OSt
005 - DATE AND TIME OF LATEST TRANSACTION
control field 20180914121634.0
007 - PHYSICAL DESCRIPTION FIXED FIELD--GENERAL INFORMATION
fixed length control field tu
008 - FIXED-LENGTH DATA ELEMENTS--GENERAL INFORMATION
fixed length control field 161220s1994 gw ||||| |||| ||| ||ger|d
020 ## - INTERNATIONAL STANDARD BOOK NUMBER
International Standard Book Number 3-925450-42-4
024 7# - OTHER STANDARD IDENTIFIER
Standard number or code 5810
Source of number or code RID
024 7# - OTHER STANDARD IDENTIFIER
Standard number or code 5810
Source of number or code RSN (alt)
040 ## - CATALOGING SOURCE
Transcribing agency OSt
041 ## - LANGUAGE CODE
Language code of text/sound track or separate title ger
100 1# - MAIN ENTRY--PERSONAL NAME
Personal name Wagenlehner, Günther
Relator term Ed.
245 00 - TITLE STATEMENT
Title Konflikte, Konfliktlösung und Friedenssicherung in Südosteuropa
260 ## - PUBLICATION, DISTRIBUTION, ETC.
Place of publication, distribution, etc. München :
Name of publisher, distributor, etc. Südosteuropa-Gesellschaft,
Date of publication, distribution, etc. 1994.
490 ## - SERIES STATEMENT
Series statement Südosteuropa aktuell
Volume/sequential designation 17
942 ## - ADDED ENTRY ELEMENTS (KOHA)
Koha item type Book
Holdings
Withdrawn status Lost status Damaged status Not for loan Home library Current library Shelving location Date acquired Inventory number Total Checkouts Barcode Date last seen Price effective from Koha item type
        WIIW WIIW Library 08/04/2004 5810   10001058 01/26/2017 01/26/2017 Book
The Vienna Instiute for International Economic Studies (wiiw)